000 00934nas a2200301 4500
001 BR0602108
003 BR-BrBNA
005 20231205110013.0
007 ta
008 230509b bl.|||p| |||| 00| 00por d
040 _aBR-BrBNA
_bpor
_cBiblioteca Nacional de Agricultura
041 _a(Pt)
072 _aF03
100 1 _aMenezes, S.M. de
100 1 _aTillmann, M.A.A.
100 1 _aDode, L.B.
100 1 _aVillela, F.A.
245 1 _aDetecção de soja geneticamente modificada tolerante ao glifosato por métodos baseados na atividade de enzimas
650 _aSOJA
650 _aSEMENTE
650 _aPLANTA TRANSGÊNICA
650 _aHERBICIDA
650 _aRESISTÊNCIA A PRODUTOS QUÍMICOS
650 _aATIVIDADE ENZÍMICA
773 0 _tRevista Brasileira de Sementes (Brazil)
_xISSN 0101-3122
_g(2004), v. 26(2) p. 150-155
_wBR0602108
909 _a202311
_bLúcia
_c55
_dLúcia Elande
942 _2AGRIS
_n0
_cANA
999 _c185771
_d185771